Một số vấn đề về phát triển kinh tế nông thôn tại Việt Nam [ Việt Nam Cộng Hòa ]

Đây là một trong những công trình nghiên cứu phát triển kinh tế Việt Nam [ VNCH ] thực hiện ý đồ chiến lược " Việt Nam hóa chiến tranh " xuất hiện sau Hiệp định Paris ( 1973 )

Đã lưu trong:
書目詳細資料
主要作者: Nguyễn Văn út
格式: 圖書
語言:Undetermined
出版: Sài Gòn Học viện Quốc Gia Hành Chánh 1971
主題:
標簽: 添加標簽
沒有標簽, 成為第一個標記此記錄!
Thư viện lưu trữ: Trung tâm Học liệu Trường Đại học Cần Thơ
LEADER 00942nam a2200193Ia 4500
001 CTU_26381
008 210402s9999 xx 000 0 und d
082 |a 351 
082 |b U522 
100 |a Nguyễn Văn út 
245 0 |a Một số vấn đề về phát triển kinh tế nông thôn tại Việt Nam [ Việt Nam Cộng Hòa ] 
245 0 |c Nguyễn Văn út 
260 |a Sài Gòn 
260 |b Học viện Quốc Gia Hành Chánh 
260 |c 1971 
520 |a Đây là một trong những công trình nghiên cứu phát triển kinh tế Việt Nam [ VNCH ] thực hiện ý đồ chiến lược " Việt Nam hóa chiến tranh " xuất hiện sau Hiệp định Paris ( 1973 ) 
650 |a economic development,rural development 
904 |i Nguyễn Quang Điền, 981013 
980 |a Trung tâm Học liệu Trường Đại học Cần Thơ